000
00164 a2200085 4500
041
_a
spa
100
_a
Mecd
245
_a
Guia de Aprendizaje Multigrado 3
942
_c
BK
999
_c
13278
_d
13278